| 000 | 004120000a22001090004500 | ||
|---|---|---|---|
| 100 | 1 | _aReina, Mauricio | |
| 245 | 1 | 0 | _a¿Hasta dónde llegará la desaceleración en 2007? |
| 300 | _aVol.0, núm.722 (30 Abril - 6 mayo, 2007), Páginas 54-55 | ||
| 520 | _aLa economía debería crecer un aceptable 5% en 2007, pero en un panorama tan cambiante hay que observar los nubarrones. | ||
| 773 | 0 | _tCambio 16 | |
| 942 | _cANA | ||
| 999 |
_c62112 _d62112 |
||